000
00250nam a2200097Ia 4500
001
713375
005
20250826162845.0
008
250824s9999 xx 000 0 und d
245
0
_a
KENDİMDEN GEÇİYORDUM
_c
MİNE SOTA
260
_b
GENÇ TİMAŞ YAYINLARI
999
_c
713375
_d
713375